| 000 | 01558nam a2200361 a 4500 | ||
|---|---|---|---|
| 001 | ebr10690907 | ||
| 003 | CaPaEBR | ||
| 006 | m u | ||
| 007 | cr cn||||||||| | ||
| 008 | 130125s2013 gw a sb 000 0 eng d | ||
| 010 | _z 2013001507 | ||
| 020 | _z9783631632987 | ||
| 020 | _z9783653029284 (e-book) | ||
| 040 |
_aCaPaEBR _cCaPaEBR |
||
| 035 | _a(OCoLC)846954038 | ||
| 043 | _ae-no--- | ||
| 050 | 1 | 4 |
_aHM681 _b.A84 2013eb |
| 082 | 0 | 4 |
_a306 _223 |
| 245 | 0 | 0 |
_aAssigning cultural values _h[electronic resource] / _cKjerstin Aukrust [ed.]. |
| 260 |
_aFrankfurt am Main [Germany] : _bPL Academic Research, _c2013. |
||
| 300 |
_a298 p. : _bill. (some col.) |
||
| 504 | _aIncludes bibliographical references. | ||
| 505 | 0 | _apt. 1. The aesthetic and cultural values of science -- pt. 2. Challenging the aestheticization of sexuality and the value of gender roles -- pt. 3. Constructing aesthetic value -- pt. 4. The aesthetics of places -- pt. 5. Cultural value in the museum. | |
| 533 |
_aElectronic reproduction. _bPalo Alto, Calif. : _cebrary, _d2013. _nAvailable via World Wide Web. _nAccess may be limited to ebrary affiliated libraries. |
||
| 650 | 0 | _aSocial values. | |
| 650 | 0 | _aGroup values (Sociology) | |
| 650 | 0 |
_aSocial values _zNorway. |
|
| 650 | 0 |
_aGroup values (Sociology) _zNorway. |
|
| 655 | 7 |
_aElectronic books. _2local |
|
| 700 | 1 | _aAukrust, Kjerstin. | |
| 710 | 2 | _aebrary, Inc. | |
| 856 | 4 | 0 |
_uhttp://site.ebrary.com/lib/rucke/Doc?id=10690907 _zAn electronic book accessible through the World Wide Web; click to view |
| 999 |
_c11132 _d11132 |
||